Jab jab phool khile / (Record no. 44548)

MARC details
000 -LEADER
fixed length control field 01046njm a22002657a 4500
005 - DATE AND TIME OF LATEST TRANSACTION
control field 20100908144733.0
007 - PHYSICAL DESCRIPTION FIXED FIELD--GENERAL INFORMATION
fixed length control field sd ammalaaahaa
008 - FIXED-LENGTH DATA ELEMENTS--GENERAL INFORMATION
fixed length control field 100901t xxu||||| |||| 00| 0 hin d
028 ## - PUBLISHER NUMBER
Publisher number N.54919
Source His Master's Voice
028 ## - PUBLISHER NUMBER
Publisher number OJE.23679
Source His Master's Voice
035 ## - SYSTEM CONTROL NUMBER
System control number GR-01250
040 ## - CATALOGING SOURCE
Original cataloging agency SED/VEN
100 ## - MAIN ENTRY--PERSONAL NAME
9 (RLIN) 17815
Personal name Rafi, Mohd.
245 ## - TITLE STATEMENT
Title Jab jab phool khile /
Statement of responsibility, etc by Mohd. Rafi [and] Nanda : Music by Kalyanji Anandji
Medium [sound recording] :
Remainder of title Hindustani
246 ## - VARYING FORM OF TITLE
Title proper/short title जब जब फूल खिले (मोहद.रफ़ी [एंड] नंदा)
260 ## - PUBLICATION, DISTRIBUTION, ETC. (IMPRINT)
Place of publication, distribution, etc Dum Dum, India
Name of publisher, distributor, etc His Master's Voice
Date of publication, distribution, etc 1965
300 ## - PHYSICAL DESCRIPTION
Extent 1 sound disc :
Other physical details analog, 33 1/3 rpm
Dimensions 10 in.
500 G# - GENERAL NOTE
General note Brief record
505 ## - FORMATTED CONTENTS NOTE
Formatted contents note Side-1 & Side-2 Ek tha gul or ek thi (एक था गुल और एक थी)
650 ## - SUBJECT ADDED ENTRY--TOPICAL TERM
Topical term or geographic name as entry element Classical music
General subdivision Excerpts
Geographic subdivision India
9 (RLIN) 17813
700 ## - ADDED ENTRY--PERSONAL NAME
9 (RLIN) 18219
Personal name Nanda
700 ## - ADDED ENTRY--PERSONAL NAME
9 (RLIN) 18220
Personal name Kalyanji Anandji
942 ## - ADDED ENTRY ELEMENTS (KOHA)
Source of classification or shelving scheme Dewey Decimal Classification
Item type Gramaphone Records
Holdings
Withdrawn status Lost status Source of classification or shelving scheme Damaged status Not for loan Home library Current library Date acquired Source of acquisition Total Checkouts Barcode Date last seen Copy number Price effective from Koha item type
    Dewey Decimal Classification   Not For Loan Central Library Central Library 08/09/2010 SED/VEN   GR-1250 08/09/2010 1 08/09/2010 Gramaphone Records

© Delhi Public Library
Hit Counter
free hit counter